[Event "Middlesex-Young England"]
[Site "London"]
[Date "2007.07.17"]
[Round "7"]
[White "Cox, John J"]
[Black "Bennet, William"]
[Result "1-0"]
[WhiteElo "2381"]
[BlackElo "2144"]
[PlyCount "61"]
[EventDate "2007.07.09"]
[EventType "schev"]
[EventRounds "9"]
[EventCountry "ENG"]
[SourceTitle "CBM 119 Extra"]
[Source "ChessBase"]
[SourceDate "2007.09.04"]
[SourceVersion "1"]
[SourceVersionDate "2007.09.04"]
[SourceQuality "1"]

1. d4 d5 2. c4 c6 3. Nf3 Nf6 4. Nc3 dxc4 5. a4 Bf5 6. Ne5 Nbd7 7. Nxc4 Qc7 8. Qd2 Nb6 9. Nxb6 axb6 10. Qf4 Qxf4 11. Bxf4 b5 12. f3 Bc2 13. a5 e6 14. e4 Bb4 15. Bd2 Bb3 16. Nxb5 Bxd2+ 17. Kxd2 cxb5 18. Bxb5+ Ke7 19. Ra3 Bd5 20. exd5 Nxd5 21. Rc1 Rhd8 22. g3 Kf6 23. Ra4 Rd6 24. Bd3 Rd7 25. Be4 Ne7 26. Rc5 b6 27. Bxa8 bxc5 28. a6 Nc8 29. Bc6 Rd6 30. Bb7 Nb6 31. a7 1-0

[Event "Middlesex-Young England"]
[Site "London"]
[Date "2007.07.09"]
[Round "1"]
[White "Ledger, Dave J"]
[Black "Bennet, William"]
[Result "1/2-1/2"]
[WhiteElo "2285"]
[BlackElo "2144"]
[PlyCount "42"]
[EventDate "2007.07.09"]
[EventType "schev"]
[EventRounds "9"]
[EventCountry "ENG"]
[SourceTitle "CBM 119 Extra"]
[Source "ChessBase"]
[SourceDate "2007.09.04"]
[SourceVersion "1"]
[SourceVersionDate "2007.09.04"]
[SourceQuality "1"]

1. e4 c5 2. Nc3 Nc6 3. g3 g6 4. Bg2 Bg7 5. d3 d6 6. f4 Bd7 7. Nf3 Rb8 8. 0-0 Qc8 9. Nd5 Nf6 10. c3 0-0 11. Nh4 Bh3 12. Qe2 Bxg2 13. Nxg2 b5 14. Bd2 b4 15. Nge3 bxc3 16. bxc3 Qa6 17. Nc4 Nxd5 18. exd5 Na5 19. Ne3 Rb2 20. Rfc1 Rfb8 21. Nd1 R2b7 1/2-1/2

[Event "GBR-ch 93rd"]
[Site "Swansea"]
[Date "2006.08.14"]
[Round "8"]
[White "Dilleigh, Stephen P"]
[Black "Bennet, William"]
[Result "0-1"]
[WhiteElo "2134"]
[BlackElo "2180"]
[PlyCount "44"]
[EventDate "2006.08.07"]
[EventType "swiss"]
[EventRounds "11"]
[EventCountry "WLS"]
[SourceTitle "CBM 113 Extra"]
[Source "ChessBase"]
[SourceDate "2006.09.14"]
[SourceVersion "1"]
[SourceVersionDate "2006.09.14"]
[SourceQuality "1"]

1. d4 e6 2. c4 f5 3. g3 Nf6 4. Bg2 Be7 5. Nf3 d6 6. 0-0 0-0 7. Nc3 a5 8. b3 Ne4 9. Qc2 Nxc3 10. Qxc3 Bf6 11. Bb2 Nc6 12. Rad1 Qe8 13. Qc1 e5 14. d5 Ne7 15. Ng5 Bxg5 16. Qxg5 f4 17. gxf4 Rxf4 18. e4 Bg4 19. Bc1 h6 20. Qh4 Bxd1 21. Bxf4 Ng6 22. Qg3 Nxf4 0-1

[Event "GBR-ch 93rd"]
[Site "Swansea"]
[Date "2006.08.10"]
[Round "4"]
[White "Khandelwal, Ankush"]
[Black "Bennet, William"]
[Result "1-0"]
[WhiteElo "1974"]
[BlackElo "2180"]
[PlyCount "49"]
[EventDate "2006.08.07"]
[EventType "swiss"]
[EventRounds "11"]
[EventCountry "WLS"]
[SourceTitle "CBM 113 Extra"]
[Source "ChessBase"]
[SourceDate "2006.09.14"]
[SourceVersion "1"]
[SourceVersionDate "2006.09.14"]
[SourceQuality "1"]

1. e4 c5 2. d4 cxd4 3. c3 dxc3 4. Nxc3 a6 5. Be3 e6 6. f4 b5 7. f5 Nc6 8. Bd3 Nf6 9. Nf3 Bb4 10. 0-0 Ng4 11. Qe2 Nxe3 12. Qxe3 Qe7 13. Kh1 Bxc3 14. bxc3 exf5 15. Rae1 0-0 16. Qf4 Qc5 17. exf5 Qxc3 18. Re3 Qb4 19. Be4 d5 20. f6 Rd8 21. Qg5 g6 22. Bxd5 Bb7 23. Bxf7+ Kxf7 24. Qh6 Rg8 25. Ng5# 1-0

[Event "BCF-chT2 0405 (4NCL)"]
[Site "West Bromwich"]
[Date "2005.05.02"]
[Round "11.5"]
[White "Bennet, William"]
[Black "Adams, David M"]
[Result "1/2-1/2"]
[WhiteElo "2116"]
[BlackElo "2207"]
[PlyCount "52"]
[EventDate "2004.09.18"]
[EventType "team"]
[EventRounds "11"]
[EventCountry "ENG"]
[SourceTitle "EXT 2006"]
[Source "ChessBase"]
[SourceDate "2005.11.24"]
[SourceVersion "1"]
[SourceVersionDate "2005.11.24"]
[SourceQuality "1"]
[WhiteTeam "PYO"]
[BlackTeam "White Rose"]
[WhiteTeamCountry "ENG"]
[BlackTeamCountry "ENG"]

1. d4 e6 2. c4 f5 3. Nf3 Nf6 4. g3 Be7 5. Bg2 0-0 6. Nc3 d6 7. Qb3 a5 8. 0-0 Ne4 9. Nxe4 fxe4 10. Nd2 d5 11. f3 dxc4 12. Nxc4 b5 13. Ne3 Nc6 14. Qc2 Nxd4 15. Qxe4 Rb8 16. Rd1 Bc5 17. Kh1 Qf6 18. Ng4 Qf5 19. Rxd4 Bb7 20. Qxf5 exf5 21. Rf4 Rbe8 22. e4 fxg4 23. Rxg4 Bd4 24. Rf4 b4 25. Rxf8+ Kxf8 26. Rb1 Ba6 1/2-1/2

[Event "BCF-chT2 0405 (4NCL)"]
[Site "West Bromwich"]
[Date "2005.04.09"]
[Round "7.4"]
[White "Bennet, William"]
[Black "Dineley, Richard"]
[Result "1/2-1/2"]
[WhiteElo "2116"]
[BlackElo "2299"]
[PlyCount "34"]
[EventDate "2004.09.18"]
[EventType "team"]
[EventRounds "11"]
[EventCountry "ENG"]
[SourceTitle "EXT 2006"]
[Source "ChessBase"]
[SourceDate "2005.11.24"]
[SourceVersion "1"]
[SourceVersionDate "2005.11.24"]
[SourceQuality "1"]
[WhiteTeam "PYO"]
[BlackTeam "SW Dragons"]
[WhiteTeamCountry "ENG"]
[BlackTeamCountry "ENG"]

1. d4 Nf6 2. c4 g6 3. Nc3 d5 4. Nf3 Bg7 5. Qb3 dxc4 6. Qxc4 0-0 7. e4 Nc6 8. Be2 Bg4 9. Be3 Bxf3 10. Bxf3 e5 11. d5 Nd4 12. 0-0 c6 13. Bxd4 exd4 14. Ne2 cxd5 15. exd5 Qb6 16. Qxd4 Qxd4 17. Nxd4 Nxd5 1/2-1/2

[Event "Coventry op"]
[Site "Coventry"]
[Date "2005.03.28"]
[Round "8"]
[White "Bennet, William"]
[Black "Gourlay, Iain"]
[Result "0-1"]
[WhiteElo "2122"]
[BlackElo "2304"]
[PlyCount "46"]
[EventDate "2005.03.24"]
[EventType "swiss"]
[EventRounds "9"]
[EventCountry "ENG"]
[SourceTitle "CBM 105 Extra"]
[Source "ChessBase"]
[SourceDate "2005.05.01"]
[SourceVersion "1"]
[SourceVersionDate "2005.05.01"]
[SourceQuality "1"]

1. d4 Nf6 2. c4 c5 3. d5 b5 4. Nf3 Bb7 5. a4 Qa5+ 6. Bd2 b4 7. Qc2 d6 8. e4 g6 9. e5 dxe5 10. Nxe5 Bg7 11. Nd3 0-0 12. Be3 Ng4 13. Bxc5 Na6 14. h3 Nxc5 15. hxg4 e6 16. dxe6 Rae8 17. Be2 Bxg2 18. Rh2 Bb7 19. Nd2 Rxe6 20. f4 Rfe8 21. f5 R6e7 22. Kf1 Be5 23. Rf2 Bg3 0-1

[Event "Jersey op"]
[Site "St Helier"]
[Date "2005.02.17"]
[Round "5"]
[White "Bennet, William"]
[Black "Eggleston, Thomas"]
[Result "0-1"]
[WhiteElo "2122"]
[BlackElo "2169"]
[PlyCount "68"]
[EventDate "2005.02.13"]
[EventType "swiss"]
[EventRounds "7"]
[EventCountry "JCI"]
[SourceTitle "CBM 104 Extra"]
[Source "ChessBase"]
[SourceDate "2005.03.01"]
[SourceVersion "1"]
[SourceVersionDate "2005.03.01"]
[SourceQuality "1"]

1. d4 e6 2. c4 f5 3. Nf3 Nf6 4. g3 Bb4+ 5. Bd2 Qe7 6. Qc2 Bxd2+ 7. Nbxd2 d6 8. Bg2 e5 9. dxe5 dxe5 10. 0-0 e4 11. Nd4 c5 12. Nb5 Nc6 13. e3 0-0 14. Rae1 Nb4 15. Qb3 Be6 16. f3 Rad8 17. Re2 Rd3 18. Nc3 Rfd8 19. Rff2 exf3 20. Bxf3 R3d6 21. e4 fxe4 22. Ndxe4 Nxe4 23. Bxe4 Qd7 24. Bf3 Nd3 25. Rf1 Rb6 26. Qd1 Qd4+ 27. Kg2 Bxc4 28. Re4 Rxb2+ 29. Ne2 Qxe4 30. Bxe4 Nf4+ 31. gxf4 Rxd1 32. Rxd1 Rxe2+ 33. Kf3 Rxh2 34. Bxb7 Be2+ 0-1

[Event "BCF-chT2 0405 (4NCL)"]
[Site "West Bromwich"]
[Date "2005.01.23"]
[Round "6.4"]
[White "Hagesaether, Arne"]
[Black "Bennet, William"]
[Result "0-1"]
[WhiteElo "2178"]
[BlackElo "2122"]
[PlyCount "112"]
[EventDate "2004.09.18"]
[EventType "team"]
[EventRounds "11"]
[EventCountry "ENG"]
[SourceTitle "EXT 2006"]
[Source "ChessBase"]
[SourceDate "2005.11.24"]
[SourceVersion "1"]
[SourceVersionDate "2005.11.24"]
[SourceQuality "1"]
[WhiteTeam "Mindsports"]
[BlackTeam "PYO"]
[WhiteTeamCountry "ENG"]
[BlackTeamCountry "ENG"]

1. e4 c5 2. Nf3 Nc6 3. d4 cxd4 4. Nxd4 g6 5. c4 Bg7 6. Be3 Nf6 7. Nc3 Ng4 8. Qxg4 Nxd4 9. Qd1 e5 10. Bd3 0-0 11. 0-0 d6 12. Ne2 Be6 13. Qd2 Qd7 14. Nxd4 exd4 15. Bh6 Bxh6 16. Qxh6 Rfc8 17. b3 a6 18. Rad1 b5 19. cxb5 axb5 20. Bb1 Qa7 21. Qd2 d5 22. e5 Rc3 23. h3 Rac8 24. Qxd4 Qe7 25. Qf4 Kg7 26. Rd3 b4 27. Rd4 g5 28. Qd2 h5 29. f4 Bxh3 30. gxh3 g4 31. Rd3 Qh4 32. Qg2 Rxd3 33. Bxd3 Rc3 34. Rd1 Kf8 35. hxg4 Ke7 36. Kf1 hxg4 37. Ke2 g3 38. Rf1 Rc8 39. Rf3 Rg8 40. Ke3 Rg4 41. Bf5 Qh2 42. Qxh2 gxh2 43. Rh3 Rg3+ 44. Rxg3 h1Q 45. Kd4 Qh2 46. Rf3 Qh5 47. Re3 Qxf5 48. Kxd5 Qxf4 49. Rd3 Qc1 50. Rd4 Qa3 51. Kc4 Qxa2 52. Kxb4 Qe2 53. Rc4 Qxe5 54. Ka4 f5 55. b4 f4 56. b5 f3 0-1

[Event "BCF-chT2 0405 (4NCL)"]
[Site "West Bromwich"]
[Date "2004.09.18"]
[Round "1.5"]
[White "Hodgson, John H"]
[Black "Bennet, William"]
[Result "1-0"]
[WhiteElo "2230"]
[BlackElo "2084"]
[PlyCount "41"]
[EventDate "2004.09.18"]
[EventType "team"]
[EventRounds "11"]
[EventCountry "ENG"]
[SourceTitle "EXT 2006"]
[Source "ChessBase"]
[SourceDate "2005.11.24"]
[SourceVersion "1"]
[SourceVersionDate "2005.11.24"]
[SourceQuality "1"]
[WhiteTeam "Barbican II"]
[BlackTeam "PYO"]
[WhiteTeamCountry "ENG"]
[BlackTeamCountry "ENG"]

1. e4 c5 2. Nf3 g6 3. d4 cxd4 4. Nxd4 Bg7 5. c4 Nc6 6. Be3 Nf6 7. Nc3 Ng4 8. Qxg4 Nxd4 9. Qd1 e5 10. Nb5 0-0 11. Be2 Qh4 12. Nxd4 exd4 13. Bxd4 Qxe4 14. Bxg7 Qxg2 15. Qd4 Qxh1+ 16. Kd2 Qxa1 17. Qf6 Qxa2 18. Bh6 Qa5+ 19. Kc1 Qa1+ 20. Kc2 Qa4+ 21. Kb1 1-0

[Event "Specsavers YM 14th"]
[Site "Millfield"]
[Date "2004.07.25"]
[Round "10"]
[White "Bennet, William"]
[Black "Holusova, Tana"]
[Result "1/2-1/2"]
[WhiteElo "2084"]
[BlackElo "2153"]
[PlyCount "83"]
[EventDate "2004.07.19"]
[EventType "swiss"]
[EventRounds "10"]
[EventCountry "ENG"]
[SourceTitle "CBM 101 Extra"]
[Source "ChessBase"]
[SourceDate "2004.09.01"]
[SourceVersion "2"]
[SourceVersionDate "2004.09.01"]
[SourceQuality "1"]

1. d4 Nf6 2. c4 e6 3. Nc3 Bb4 4. e3 b6 5. Bd3 Bb7 6. Nf3 Qe7 7. Bd2 Bxc3 8. Bxc3 d6 9. 0-0 Nbd7 10. Qe2 Ne4 11. Bxe4 Bxe4 12. Nd2 Bb7 13. e4 e5 14. f4 f6 15. b4 0-0 16. Rae1 exd4 17. Bxd4 a5 18. b5 Rfe8 19. Qg4 Rad8 20. Re3 Nc5 21. Rfe1 Qf7 22. Qh4 Ne6 23. Bc3 Nf8 24. g4 Rd7 25. f5 h6 26. Qg3 Rde7 27. h4 Nh7 28. Qf4 Kf8 29. Bd4 Rd8 30. Kf2 Ke8 31. Rd3 Kf8 32. Rg1 Rde8 33. Re3 g5 34. fxg6 Qxg6 35. Rge1 Rg7 36. Rf3 Qxg4 37. Qxh6 Bxe4 38. Nxe4 Rxe4 39. Rxe4 Qxe4 40. Rxf6+ Nxf6 41. Bxf6 Qc2+ 42. Kf3 1/2-1/2

[Event "Specsavers YM 14th"]
[Site "Millfield"]
[Date "2004.07.21"]
[Round "4"]
[White "Hanley, Craig"]
[Black "Bennet, William"]
[Result "1-0"]
[WhiteElo "2356"]
[BlackElo "2084"]
[PlyCount "65"]
[EventDate "2004.07.19"]
[EventType "swiss"]
[EventRounds "10"]
[EventCountry "ENG"]
[SourceTitle "CBM 101 Extra"]
[Source "ChessBase"]
[SourceDate "2004.09.01"]
[SourceVersion "2"]
[SourceVersionDate "2004.09.01"]
[SourceQuality "1"]

1. d4 Nf6 2. Nf3 d6 3. c4 Bg4 4. Qb3 Bxf3 5. exf3 Qc8 6. Be3 c6 7. Nc3 e5 8. Bd3 Be7 9. 0-0 Nbd7 10. Rfe1 0-0 11. f4 Re8 12. Bf5 Qc7 13. Rad1 a6 14. fxe5 dxe5 15. dxe5 Nxe5 16. Bb6 Qb8 17. Ne4 Nxe4 18. Rxe4 Bf6 19. Rde1 Rf8 20. c5 Ng6 21. g3 a5 22. a4 Ne5 23. h4 h5 24. f4 Ng4 25. Kf1 Nh6 26. Bd7 g6 27. Re8 Rxe8 28. Rxe8+ Qxe8 29. Bxe8 Rxe8 30. Bxa5 Nf5 31. Qxb7 Ne3+ 32. Kg1 Bd4 33. Bc3 1-0

[Event "Smith & Williamson YM Rated 13th"]
[Site "Millfield"]
[Date "2003.07.14"]
[Round "5"]
[White "Bennet, William"]
[Black "Pym, Thomas TW"]
[Result "1-0"]
[WhiteElo "2060"]
[BlackElo "2005"]
[PlyCount "69"]
[EventDate "2003.07.09"]
[EventType "swiss"]
[EventRounds "11"]
[EventCountry "ENG"]
[SourceTitle "CBM 095 Extra"]
[Source "ChessBase"]
[SourceDate "2003.09.04"]
[SourceVersion "1"]
[SourceVersionDate "2003.09.04"]
[SourceQuality "1"]

1. d4 Nf6 2. c4 c5 3. d5 b5 4. Nf3 g6 5. a4 bxc4 6. Nc3 Ba6 7. Bg5 Qb6 8. Qd2 Bg7 9. e4 d6 10. e5 dxe5 11. Nxe5 0-0 12. Bxc4 Rd8 13. 0-0 Bxc4 14. Nxc4 Qb4 15. Qd3 Na6 16. Rfe1 Qb7 17. Na5 Nb4 18. Nxb7 Nxd3 19. Rxe7 Re8 20. d6 Rxe7 21. dxe7 Re8 22. Rd1 c4 23. Nd6 Rxe7 24. Nxc4 Re8 25. g3 Nc5 26. Nd6 Rb8 27. b4 Ne6 28. Bxf6 Bxf6 29. Nd5 Be5 30. Ne4 Kg7 31. f4 Bd4+ 32. Kf1 Rd8 33. Ne7 f5 34. Nc6 Rd7 35. Nc5 1-0

[Event "Smith & Williamson YM-B 11th"]
[Site "Witley"]
[Date "2001.07.19"]
[Round "7"]
[White "Winkworth, Julian"]
[Black "Bennet, William"]
[Result "1-0"]
[WhiteElo "1904"]
[BlackElo "1800"]
[PlyCount "87"]
[EventDate "2001.07.13"]
[EventType "swiss"]
[EventRounds "11"]
[EventCountry "ENG"]
[SourceTitle "EXT 2005"]
[Source "ChessBase"]
[SourceDate "2004.11.15"]
[SourceVersion "1"]
[SourceVersionDate "2004.11.15"]
[SourceQuality "1"]

1. e4 c5 2. Nf3 g6 3. Bd3 Bg7 4. c3 d5 5. 0-0 Nc6 6. Re1 Nf6 7. e5 Ng4 8. Bb5 0-0 9. d4 Qb6 10. Bxc6 bxc6 11. h3 Nh6 12. Nbd2 cxd4 13. cxd4 c5 14. dxc5 Qxc5 15. Nb3 Qc6 16. Be3 Nf5 17. Bc5 Qd7 18. Qd2 Rd8 19. Qb4 e6 20. g4 Nh6 21. Qd2 Qa4 22. Nfd4 Ba6 23. Be7 Rdc8 24. Bg5 Rc4 25. Bxh6 Bxh6 26. Qxh6 Rxd4 27. Nxd4 Qxd4 28. b3 Qb2 29. Qc1 Qxc1 30. Raxc1 d4 31. Red1 d3 32. Rc6 Bb7 33. Rc7 Be4 34. f3 Bxf3 35. Rxd3 Bd5 36. Rdc3 a6 37. Rc8+ Rxc8 38. Rxc8+ Kg7 39. Rc7 Be4 40. Kf2 g5 41. b4 Kg6 42. a4 f5 43. b5 axb5 44. axb5 1-0

[Event "Smith & Williamson YM-B 11th"]
[Site "Witley"]
[Date "2001.07.18"]
[Round "5"]
[White "Chevannes, Sabrina"]
[Black "Bennet, William"]
[Result "0-1"]
[WhiteElo "1584"]
[BlackElo "1800"]
[PlyCount "64"]
[EventDate "2001.07.13"]
[EventType "swiss"]
[EventRounds "11"]
[EventCountry "ENG"]
[SourceTitle "EXT 2005"]
[Source "ChessBase"]
[SourceDate "2004.11.15"]
[SourceVersion "1"]
[SourceVersionDate "2004.11.15"]
[SourceQuality "1"]

1. e4 c5 2. Nf3 g6 3. d4 cxd4 4. Nxd4 Nc6 5. Be3 Bg7 6. f3 Nf6 7. Nc3 0-0 8. Qd2 d5 9. 0-0-0 dxe4 10. Nxc6 Qxd2+ 11. Rxd2 bxc6 12. fxe4 Ng4 13. Bg5 f6 14. h3 fxg5 15. hxg4 Be5 16. Bc4+ Kg7 17. Rd3 Bxg4 18. Rg1 Rab8 19. Bb3 Rf2 20. Nd1 Rf4 21. Ne3 Rxe4 22. Nxg4 Rxg4 23. Rd7 Bd6 24. Rf1 Rf8 25. Rxf8 Kxf8 26. Rxa7 Rxg2 27. Ra8+ Kg7 28. Rg8+ Kh6 29. Rh8 g4 30. Rc8 g3 31. Rxc6 Rf2 32. Bd5 Bf4+ 0-1